Que es la historia /
Guardado en:
| Autor Principal: | |
|---|---|
| Formato: | Libro |
| Publicado: |
Argentina :
Fondo de cultura econ¢mica,
1966
|
| Materias: | |
| Etiquetas: |
Agregar Etiqueta
Sin Etiquetas, Sea el primero en etiquetar este registro!
|
| LEADER | 00475nam a22001695a 4500 | ||
|---|---|---|---|
| 001 | CEM.cems003539 | ||
| 005 | 19000101000000.0 | ||
| 008 | 130507s1966##################000#0#####d | ||
| 003 | CEMS | ||
| 082 | 0 | 4 | |a 900 |
| 100 | 1 | |a Kahler, Erich | |
| 245 | 1 | 0 | |a Que es la historia / |c Erich Kahler |
| 260 | |a Argentina : |b Fondo de cultura econ¢mica, |c 1966 | ||
| 300 | |a 216 p. | ||
| 653 | |a Historia | ||
| 653 | |a Historia-teoria de la | ||
| 859 | |a CEMS |b BIB. CEMS - 11 de abril |h 900 |i K124 |p 2249.74 |t Ej.1 | ||
